| 000 | 01489nam a22001457a 4500 | ||
|---|---|---|---|
| 999 |
_c525483 _d525483 |
||
| 008 | 240306b ||||| |||| 00| 0 eng d | ||
| 100 |
_aMukerji, Siddhartha _950253 |
||
| 245 | _aState, class and economic reforms: An Indian experience | ||
| 260 | _aBihar Journal of Public Administration | ||
| 300 | _a20(2), Jul-Dec, 2023: p.324-332 | ||
| 520 | _aScholarship in political economy has taken special interest in understanding political dynamics of economic reforms in India since 1991 from when major structural changes were initiated to give a thoroughly new look to the economy. The market forces were promoted on one hand, while also taking special care of consumerist interests of the new middle class. In a way, the demands of the emerging classes have oriented the government towards a new economic policy in which liberalization, privatization and globalization have become the order of the day. However, democracy in India was antithetical to this path of economic development as it excluded a large mass of people from the benefits of the new economy. The paper attempts to analyze economic reforms and how it has largely attended to the needs of business and new middle class. Civil society has however emerged as an arena of democracy which attends primarily to the needs of poor masses who make democracy meaningful. – Reproduced http://www.iipabiharbranch.org/ | ||
| 773 | _aBihar Journal of Public Administration | ||
| 906 | _aECONOMIC REFORMS | ||
| 942 | _cAR | ||